000 00908nam a22002175i 4500
001 162243
003 ES-MaACL
005 20251014063233.0
008 940719s1881 sp a |||| | spa d
040 _aCAT
_bspa
_cCAT
_dCCPB
080 _a612
100 1 _aPlanellas, Alexandre,
_d1876-1927
_9131209
245 1 0 _aDe las localizaciones cerebrales con motivo de un notable caso de herida del cerebro
_b: tema desarrollado en la Academia Médico-Farmacéutica /
_cpor el Dr. D. Alejandro Planellas.
260 _aBarcelona :
_bTipografía La Academia de E. Ullastres,
_c1881.
300 _a46 p. :
_bil. ;
_c26 cm.
505 8 _aReferencias bibliográficas
650 4 _aCerebro.
_910903
710 0 _aAcademia Médico-Farmacéutica de Barcelona.
_91206
852 _aES-MaACL
_jT-383-F-19
_z-- Enc. hol.
_q-- Falto de la cub. original
_z-- Enc. en un vol. facticio
999 _c162243
_d162243